A matter of trust / (Record no. 3913)

MARC details
000 -LEADER
fixed length control field 00829nam a22002537a 4500
001 - CONTROL NUMBER
control field 3913
003 - CONTROL NUMBER IDENTIFIER
control field FISKH
005 - DATE AND TIME OF LATEST TRANSACTION
control field 20240528102557.0
008 - FIXED-LENGTH DATA ELEMENTS--GENERAL INFORMATION
fixed length control field 240523b cb ||||| |||| 00| 0 eng d
040 ## - CATALOGING SOURCE
Original cataloging agency FISK
Language of cataloging eng
Transcribing agency FISK
Modifying agency FISK
050 ## - LIBRARY OF CONGRESS CALL NUMBER
Classification number PZ7.S3768
082 ## - DEWEY DECIMAL CLASSIFICATION NUMBER
Classification number 813.6
100 ## - MAIN ENTRY--PERSONAL NAME
Personal name Schraff Anne
Dates associated with a name 1939-
245 ## - TITLE STATEMENT
Title A matter of trust /
260 ## - PUBLICATION, DISTRIBUTION, ETC.
Place of publication, distribution, etc. New York :
Name of publisher, distributor, etc. Scholastic ,
Date of publication, distribution, etc. 2007
300 ## - PHYSICAL DESCRIPTION
Extent 125 pages :
Dimensions 18 cm
505 ## - FORMATTED CONTENTS NOTE
Formatted contents note M<br/>
520 ## - SUMMARY, ETC.
Summary, etc. This book centers on Darcy's growing conflict with her old friend, Brisana Meeks. Amid jealousy and competition, Darcy fights for her relationship with Hakeem Randall and struggles with her fears over her own family's future.<br/>
521 8# - TARGET AUDIENCE NOTE
Target audience note 750<br/>
Source Lexile<br/>
521 8# - TARGET AUDIENCE NOTE
Target audience note M<br/>
Source Raz-Plus<br/>
700 ## - ADDED ENTRY--PERSONAL NAME
Personal name Anne Schraff
942 ## - ADDED ENTRY ELEMENTS (KOHA)
Source of classification or shelving scheme Dewey Decimal Classification
Koha item type Books
Suppress in OPAC No
Holdings
Withdrawn status Lost status Source of classification or shelving scheme Damaged status Not for loan Home library Current library Shelving location Date acquired Total Checkouts Full call number Barcode Date last seen Copy number Price effective from Koha item type
    Dewey Decimal Classification     Footprints International School Library Network Toul Kork Campus Footprints International School Library Network Toul Kork Campus   05/23/2024   SCH PZ7.S3768 813.6 2024-0682 05/23/2024 1 05/23/2024 Books